000
00320nam a2200145Ia 4500
003
OSt
005
20240322151359.0
008
170523s9999 xx 000 0 und d
020
_a
nil
040
_c
iimtu meerut
100
_a
KEMONY
245
0
_a
EFFRCTIVE MEASURMENTS AND MANAGEMENT
260
_b
PHI
942
_2
ddc
_c
02
999
_c
1870
_d
1870